| 000 | 01635cam a22002655a 4500 | ||
|---|---|---|---|
| 001 | 17804160 | ||
| 005 | 20160211140650.0 | ||
| 008 | 130708t2014 flua frb 001 0 eng d | ||
| 020 | _a9780849320132 (hardback : alk. paper) | ||
| 040 |
_aDLC _beng _cDLC _dDLC _dEG-ScBUE |
||
| 082 | 0 | 4 |
_a624.18341 _222 _bINT |
| 245 | 0 | 4 |
_aThe international handbook of FRP composites in civil engineering / _cedited by Manoochehr Zoghi. |
| 260 |
_aBoca Raton : _bCRC Press / Taylor & Francis Group, _cc.2014. |
||
| 300 |
_axxiii, 682 p. : _bill. ; _c27 cm. |
||
| 500 | _aIndex : p. 667-682. | ||
| 504 | _aIncludes bibliographical references. | ||
| 520 | _a"Applications of high-performance fiber reinforced polymer (FRP) composite materials have grown beyond just aerospace and marine industries, into civil engineering and other related disciplines. This book provides a complete primer on FRP composites, including history, constituent materials, and basic mechanics and properties. It focuses on professional applications, such as nondestructive testing and evaluation, composites for reinforcement, design philosophies, and guidelines. It also includes helpful formulas, tables, and charts for easy reference and standards of practice from the UK, Scandinavia, Japan, the US, China, Australia, and other countries"-- | ||
| 650 | 7 |
_aFiber-reinforced concrete. _2BUEsh _939307 |
|
| 650 | 7 |
_aFibrous composites. _2BUEsh _94621 |
|
| 650 | 7 |
_apolymers. _2BUEsh _95875 |
|
| 650 | 7 |
_aReinforced concrete construction. _2BUEsh _917951 |
|
| 653 |
_bENGGEN _bENGCIV _cJuly2015 _cFebruary2016 |
||
| 700 | 1 |
_aZoghi, Manoochehr, _d1956-, _eeditor. |
|
| 942 | _2ddc | ||
| 999 |
_c20332 _d20304 |
||